21st Century Dates – Within 2 Years - Statistics

General Stats
  • This quiz has been taken 2,032 times
  • The average score is 14 of 20
Answer Stats
Event Year % Correct
September 11 terrorist attacks 2001
96%
iPhone released 2007
88%
George Floyd protests 2020
87%
Queen Elizabeth II dies 2022
87%
U.S. invades Iraq 2003
81%
ChatGPT launches 2022
78%
Russia invades and seizes Crimea 2014
77%
Indian Ocean tsunami 2004
72%
Britain votes to exit the EU 2016
71%
Hurricane Katrina devastates New Orleans 2005
68%
Pokémon GO released 2016
68%
Lehman Brothers collapses, triggering the Great Financial Crisis 2008
66%
Michael Jackson dies 2009
64%
"Gangnam Style" goes viral 2012
63%
First YouTube video: "Me at the zoo" 2005
62%
Arab Spring topples Gaddafi in Libya 2011
62%
Justin Bieber releases his first record, entitled "My World" 2009
60%
Prince Harry marries Meghan Markle 2018
58%
Short squeeze in GameStop stock 2021
56%
Introduction of Bitcoin 2009
48%
No matching quizzes found
Score Distribution
Percent of People with Each Score
Percentile by Number Answered
Your Score History
You have not taken this quiz